تحميل...

Garebu nazum

التفاصيل البيبلوغرافية
المؤلف الرئيسي: Ali Abdul Vahid Waffi
التنسيق: Printed Book
منشور في: Cairo Nahdath Misr 2004
الموضوعات:
LEADER 00432nam a22001337a 4500
020 |a 9771426931 
082 |a 892.74  |b VAH.G 
100 |a Ali Abdul Vahid Waffi 
245 |a Garebu nazum 
260 |a Cairo  |b Nahdath Misr  |c 2004 
650 |a Arabic literature  |a Arabic prose 
942 |c BK 
999 |c 2561  |d 2561 
952 |0 0  |1 0  |4 0  |6 892_740000000000000_VAH_G  |7 0  |8 NFIC  |9 2571  |a CAMPUS  |b CAMPUS  |d 2015-03-21  |l 0  |o 892.74 VAH.G  |p 19783  |r 2015-03-21  |w 2015-03-21  |y BK